000 00568 a2200181 4500
003 OSt
005 20260310134246.0
008 260310b |||||||| |||| 00| 0 eng d
020 _a9788197850899
040 _coclc
082 _a894.8123
_bKAR/D
100 _aKarkidamkunnu, Shaukath
_910632
245 _aDesharavangal: Malabar Kalapathinte Pachathalathil Oru Novel /
_cShaukath Karkkidamkunnu
250 _a2nd ed.
260 _aThrissur:
_bH&C books,
_c2025.
300 _a300 pages
942 _2ddc
_cBK
_h894.8123
_iKAR/D
_k894.8123
_mKAR/D
999 _c44711
_d44711